Band Lead Singers (Round 2) - Statistics

General Stats
  • This quiz has been taken 77 times
  • The average score is 15 of 30
Answer Stats
Hint Answer % Correct
The Doors Jim Morrison
88%
Black Sabbath Ozzy Osbourne
85%
Led Zeppelin Robert Plant
82%
No Doubt Gwen Stefani
81%
The White Stripes Jack White
81%
Foo Fighters Dave Grohl
78%
Maroon 5 Adam Levine
69%
The Who Roger Daltrey
64%
The Clash Joe Strummer
63%
Motörhead Lemmy Kilminster
63%
The Smiths Morrissey
63%
Dire Straits Mark Knopfler
61%
The Cure Robert Smith
61%
Van Halen (original) David Lee Roth
58%
Ramones Joey Ramone
51%
Creedence Clearwater Revival John Fogerty
48%
Linkin Park Chester Bennington
46%
Smashing Pumpkins Billy Corgan
45%
Rush Geddy Lee
45%
The Cranberries Dolores O' Riordan
43%
Blur / Gorillaz Damon Albarn
42%
Slipknot / Stone Sour Corey Taylor
36%
Arctic Monkeys Alex Turner
31%
Fall Out Boy Patrick Stump
31%
Creed Scott Stapp
22%
The Offspring Dexter Holland
21%
Blink 182 (bass) Mark Hoppus
21%
Scorpions Klaus Meine
19%
Korn Jonathan Davis
18%
Keane Tom Chaplin
15%
No matching quizzes found
Score Distribution
Percent of People with Each Score
Percentile by Number Answered
Your Score History
You have not taken this quiz